| 000 | 00759cab a2200229 4500 | ||
|---|---|---|---|
| 001 | WB2934-31 | ||
| 008 | 090401t1993 xxu||||| |||| 00| 0 eng d | ||
| 035 | _a(Sirsi) u25123 | ||
| 041 | _aeng | ||
| 245 | _aRICS designation rejected | ||
| 260 | _c1993 | ||
| 350 | _a0 | ||
| 490 |
_aEstates Gazette _v(9336) 11 September 1993, 44(1) |
||
| 520 | _aTwo Cubbon recommendations are likely to be rejected at the November general council meeting: the setting of subscriptions without EGM approval and the new member designation, MRICS. | ||
| 650 | _aCONSTITUTIONAL REVIEW | ||
| 650 | _aCUBBON REPORT | ||
| 650 | _aRICS | ||
| 650 | _aSUBSCRIPTIONS | ||
| 690 | _aMANAGEMENT-BUSINESS MANAGEMENT-PROFESSIONAL PRACTICE | ||
| 942 | _n0 | ||
| 948 | _c04/03/1997 | ||
| 999 |
_c16852 _d16852 |
||